<?xml version="1.0" encoding="UTF-8"?>
<marc:record xmlns:marc="http://www.loc.gov/MARC21/slim">
   <marc:leader>00000nam a2200000 a 4500</marc:leader>
   <marc:datafield ind1="1" ind2=" " tag="100">
      <marc:subfield code="a">Hunter, Erin</marc:subfield>
      <marc:subfield code="4">aut</marc:subfield>
      <marc:subfield code="e">Verfasser/-in</marc:subfield>
   </marc:datafield>
   <marc:datafield ind1="0" ind2="0" tag="245">
      <marc:subfield code="a">Mitternacht</marc:subfield>
   </marc:datafield>
   <marc:datafield ind1=" " ind2="1" tag="264">
      <marc:subfield code="b">Beltz &amp; Gelberg</marc:subfield>
      <marc:subfield code="c">2011</marc:subfield>
   </marc:datafield>
   <marc:datafield ind1="1" ind2=" " tag="490">
      <marc:subfield code="a">Warrior Cats</marc:subfield>
   </marc:datafield>
   <marc:datafield ind1="1" ind2=" " tag="520">
      <marc:subfield code="a">Eine Botschaft des Sternenclans erreicht wenige Katzen der wild lebenden Clans. Einzig geleitet von ihren Träumen und ohne das Wissen ihrer Clans begeben sich 6 Katzen auf eine unbekannte Reise zum Meer. Dort erfahren sie von der Dächsin Mitternacht, dass der "Donnerweg" von den "Zweibeinern" ausgebaut und der Wald der Katzen ihm zum Opfer fallen soll. Doch die Prophezeiung beinhaltet auch Hoffnung ... - Nach der 6-bändigen 1. Staffel und dem Einzelband "Feuersterns Mission" ist dies der Beginn der 2. Staffel "Die neue Prophezeiung". Das Abenteuer, in der ein recht statisch wirkender Feuerstern in den Hintergrund tritt, ist weniger stringent und spannend als seine Vorgänger. Dennoch tragen die unterschiedlichen Charaktere um Brombeerkralle, die fantasievolle Sprache und der atmosphärisch dichte Stil. Packend und berührend schildern die Autorinnen die Sorgen der Clans um die verschwundenen Katzen und die Zweifel und Nöte der Abenteurer. Das offene Ende in der Höhle der Dächsin erfordert eine Fortsetzung, die jedoch von den vielen Fans der Serie ohnehin sehnlich erwartet wird. Ab 11</marc:subfield>
   </marc:datafield>
   <marc:datafield ind1=" " ind2=" " tag="020">
      <marc:subfield code="a">9783407810830</marc:subfield>
      <marc:subfield code="9">9783407810830</marc:subfield>
   </marc:datafield>
</marc:record>
